| 000 | 00405 a2200157 4500 | ||
|---|---|---|---|
| 999 |
_c12365 _d12365 |
||
| 003 | OSt | ||
| 005 | 20240116154615.0 | ||
| 008 | 240116b ||||| |||| 00| 0 eng d | ||
| 020 | _a9783038601326 | ||
| 082 | _a720.72 | ||
| 100 | _aMarilyne Andersen (Editor), | ||
| 245 |
_aExploring : _bresearch-driven building design |
||
| 260 |
_bPark Books _c2019 |
||
| 700 | _a Emmanuel Rey (Editor) | ||
| 942 | _2ddc | ||